000 01019cam a22002774a 4500
999 _c4475
_d4475
001 14202529
005 20170802150805.0
008 051215s2005 enk b 001 0 eng
010 _a 2006365099
020 _a1844650324 (hardcover)
020 _a1844650332 (pbk.)
035 _a(CaONFJC)ct4501658
040 _aDLC
_cDLC
_dDLC
050 0 0 _aB841.4
_b.W55 2005
082 0 0 _a149/.96
_222
100 1 _aWilliams, James,
_d1965-
_924605
245 1 0 _aUnderstanding poststructuralism /
_cJames Williams.
260 _aChesham, Bucks :
_bAcumen Pub.,
_c2005.
300 _aix, 180 p. ;
_c23 cm.
490 0 _aUnderstanding movements in modern thought
504 _aIncludes bibliographical references (p. 171-173) and index.
650 0 _aPoststructuralism.
_919911
906 _a7
_bcbc
_corigres
_d2
_encip
_f20
_gy-gencatlg
942 _2lcc
_cMONOGRAPH